000 00787cam a22002531 4500
001 7924792
003 OSt
005 20230621155555.0
008 770729s1954 xx 000 0 eng c
010 _aa 55008691
015 _aGB54-16865
035 _a(OCoLC)3148760
040 _aNorth Carolina Univ.
_cOC
_dUk
_dDLC
042 _apremarc
082 _a328.42
_bWIL
100 1 _aWilliams, Orlo,
_d1883-
245 1 4 _aThe clerical organization of the House of Commons, 1661-1850.
260 _aOxford,
_bClarendon Press,
_c1954.
300 _axv, 366 p.
_btable.
_c23 cm.
500 _aAppendices covering various source materials: p. 280-335.
610 1 0 _aGreat Britain.
_bParliament.
_bHouse of Commons.
906 _a7
_bcbc
_coclcrpl
_du
_encip
_f19
_gy-gencatlg
942 _2ddc
_cBK
999 _c2292
_d2292